Nad novým Sborníkem prací filozofické fakulty brněnské univerzity

Bibliographic Details
Main Author: Zouhar, Jan, 1949- (Author)
Format: Article
Language:Slovak
Czech
Subjects:

MARC

LEADER 00000nab a2200000 a 4500
001 vtls000060985
003 SK-MaSNL
005 20260304063730.0
008 250422c1980 xo 0 slo
015 |a SNBRB19rr/mm-uuuuu 
035 |a CL0071085 
035 |a urn:nbn:sk:snk-ab2jns 
035 |a (urnnbn)urn:nbn:sk:snk:ar-a02iel 
035 |a (uuid)8a4df0db-c493-4a3f-9059-0b9c30059c47 
040 |a SNKBUCL  |b slo  |c SNKBUCL  |e AACR2 
041 0 |a cze 
044 |a xo  |c SK 
080 |a 22/28  |2 1981 
080 |a 1 100  |2 1981 
100 1 |a Zouhar, Jan,  |d 1949-  |4 aut  |9 224359 
245 1 0 |a Nad novým Sborníkem prací filozofické fakulty brněnské univerzity  |c Jan Zouhar 
650 0 7 |a náboženstvo  |2 snkbucl  |9 2023 
650 0 7 |a filozofia náboženstva  |2 snkbucl  |9 1936 
655 7 |a články z novín a časopisov  |2 snkbucl  |9 267496 
773 0 |t Ateizmus  |g Roč. 8, č. 2 (1980), s. 177-179 
787 0 8 |i Rec.:  |t Sborník prací filozofické fakulty brněnské univerzity. B 24-25  |d Brno, 1979 
850 |a Slovenská národná knižnica 
852 |a Slovenská národná knižnica 
954 |a odborná, vedecká literatúra cudzojazyčná (svetová)  |2 lita 
958 |a article2022 
958 |a RK 
958 |a CZ 
958 |a OND 
958 |a EUIPO 
992 |a RBX 
999 |c 2743913  |d 2745843